Normal view
MARC view
Entry Topical Term
001 - CONTROL NUMBER
- control field: 44325
003 - CONTROL NUMBER IDENTIFIER
- control field: dpl
005 - DATE AND TIME OF LATEST TRANSACTION
- control field: 20120326160533.0
008 - FIXED-LENGTH DATA ELEMENTS
- fixed length control field: 120326|||a|||||| | ||| d
040 ## - CATALOGING SOURCE
- Original cataloging agency: dpl
- Transcribing agency: dpl
150 ## - HEADING--TOPICAL TERM
- Topical term or geographic name as entry element: Computer software
- General subdivision: Testing.
670 ## - SOURCE DATA FOUND
- Source citation: Work cat.: (dpl)64402: 44300 Desai, Sandeep, Software testing :, 2012
670 ## - SOURCE DATA FOUND
- Source citation: Work cat.: (dpl)64402: 44300 Desai, Sandeep, Software testing :, 2012
